000 01099nam a22003257a 4500
001 BR0202526
003 BR-BrBNA
005 20230928101058.0
007 ta
008 230509b bl.||||| |||| 00| 0 por d
040 _aBR-BrBNA
_bpor
_cBiblioteca Nacional de Agricultura
041 _a(Por)
072 _aL72
_b5212
_b4030
_b3872
090 _ 5212 BR0202526
100 1 _aCampos Junior, D.A.
110 1 _aUniversidade Federal de Minas Gerais, Belo Horizonte (Brasil). Escola de Veterinária
_0Tese (Mestre em Medicina Veterinária)
245 1 _aAvaliação in vitro da eficácia de acaricidas sobre Boophilus microplus (Canestrini, 1887)(Acari: Ixodidae)colhidos de bovinos na região de Ilhéus-Bahia, 2000
260 3 _aBelo Horizonte, MG (Brasil):
_c2001.
300 _a49 p.
500 _aSummaries (Eng, Por); 38 ref.; 6 tables; 12 illus.
650 _aBOVINO
650 _aCARRAPATO
650 _aACARICIDA
650 _aINFESTAÇÃO
650 _aCONTROLE QUÍMICO
650 _aINSETICIDA
650 _aBAHIA
909 _a202309
_bLucia
_c55
_dLucia Elande
942 _cBK
999 _c64156
_d64156